Iowa County Seats - Statistics

General Stats
  • This quiz has been taken 56 times
  • The average score is 73 of 99
Answer Stats
County County Seat % Correct
Polk Des Moines
100%
Johnson Iowa City
100%
Floyd Charles City
94%
Clinton Clinton
94%
Dubuque Dubuque
94%
Warren Indianola
94%
Story Nevada
94%
Carroll Carroll
88%
Cherokee Cherokee
88%
Pottawattamie Council Bluffs
88%
Scott Davenport
88%
Guthrie Guthrie Center
88%
Cerro Gordo Mason City
88%
Henry Mount Pleasant
88%
Muscatine Muscatine
88%
Jasper Newton
88%
Sioux Orange City
88%
Wapello Ottumwa
88%
Pocahontas Pocahontas
88%
Woodbury Sioux City
88%
Clay Spencer
88%
Dickinson Spirit Lake
88%
Buena Vista Storm Lake
88%
Tama Toledo
88%
Black Hawk Waterloo
88%
Allamakee Waukon
88%
Cass Atlantic
82%
Audubon Audubon
82%
Davis Bloomfield
82%
Boone Boone
82%
Wright Clarion
82%
Union Creston
82%
Emmet Estherville
82%
Winnebago Forest City
82%
Webster Fort Dodge
82%
Lee Fort Madison and Keokuk
82%
Grundy Grundy Center
82%
Franklin Hampton
82%
Monona Onawa
82%
Sac Sac City
82%
Cedar Tipton
82%
Dallas Adel
76%
Kossuth Algona
76%
Linn Cedar Rapids
76%
Lucas Chariton
76%
Adams Corning
76%
Clayton Elkader
76%
Palo Alto Emmetsburg
76%
Ida Ida Grove
76%
Greene Jefferson
76%
Plymouth Le Mars
76%
Marshall Marshalltown
76%
Poweshiek Montezuma
76%
Chickasaw New Hampton
76%
Mahaska Oskaloosa
76%
Hamilton Webster City
76%
Taylor Bedford
71%
Page Clarinda
71%
Wayne Corydon
71%
Howard Cresco
71%
Humboldt Dakota City
71%
Crawford Denison
71%
Jefferson Fairfield
71%
Adair Greenfield
71%
Delaware Manchester
71%
Jackson Maquoketa
71%
Ringgold Mount Ayr
71%
Calhoun Rockwell City
71%
Benton Vinton
71%
Washington Washington
71%
Monroe Albia
65%
Butler Allison
65%
Jones Anamosa
65%
Hardin Eldora
65%
Buchanan Independence
65%
Van Buren Keosauqua
65%
Marion Knoxville
65%
Clarke Osceola
65%
Montgomery Red Oak
65%
Lyon Rock Rapids
65%
Madison Winterset
65%
Shelby Harlan
59%
Decatur Leon
59%
O'Brien Primghar
59%
Keokuk Sigourney
59%
Louisa Wapello
59%
Appanoose Centerville
53%
Harrison Logan
53%
Bremer Waverly
53%
Des Moines Burlington
47%
Hancock Garner
47%
Fremont Sidney
47%
Iowa Marengo
41%
Worth Northwood
41%
Fayette West Union
41%
Winneshiek Decorah
35%
Osceola Sibley
35%
Mitchell Osage
29%
Mills Glenwood
24%
No matching quizzes found
Score Distribution
Percent of People with Each Score
Percentile by Number Answered
Your Score History
You have not taken this quiz